01285nam a2200349 a 4500001001100000003000800011006001900019007001500038008004100053015001500094016001900109020002200128020002100150040002100171035002100192050002300213082001700236100002900253245008500282260003200367300002300399490002400422504004600446533015200492650004400644650003400688655002900722710001700751830002500768856012500793999001700918ebr5001423CaPaEBRm u cr cn|||||||||990215s1999 enkb sb 001 0 eng  aGB98-W58297 a18572847712Uk z1857284771(cased) z185728478X(pbk.) aCaPaEBRcCaPaEBR a(OCoLC)60897232014aVA450b.H37 1999eb04a359.00942211 aHarding, Richard,d1953-10aSeapower and naval warfare, 1650-1830h[electronic resource] /cRichard Harding. aLondon :bUCL Press,c1999. axx,356 p. :bmaps.1 aWarfare and history aBibliography: p343-347. - Includes index. aElectronic reproduction.bPalo Alto, Calif. :cebrary,d2013.nAvailable via World Wide Web.nAccess may be limited to ebrary affiliated libraries. 0aNaval art and sciencezEuropexHistory. 0aBattleshipszEuropexHistory. 7aElectronic books.2local2 aebrary, Inc. 0aWarfare and history.40uhttp://site.ebrary.com/lib/rucke/Doc?id=5001423zAn electronic book accessible through the World Wide Web; click to view c16184d16184